Clasificaciones coloniales y dinámicas socioculturales en las fronteras americanas
Guardat en:
| Autor principal: | |
|---|---|
| Format: | Llibre |
| Idioma: | espanyol |
| Publicat: |
Ciudad de México
El Colegio de Michoacán A. C
2010
|
| Edició: | 1a. ed |
| Matèries: | |
| Etiquetes: |
Afegir etiqueta
Sense etiquetes, Sigues el primer a etiquetar aquest registre!
|
MARC
| LEADER | 00000cam a2200000 a 4500 | ||
|---|---|---|---|
| 001 | UCC5738 | ||
| 003 | CL-VaPUC | ||
| 008 | 181026e20100000mx |||||||||||||||||spa|d | ||
| 082 | 0 | 4 | |a 980.013 |b GIU |2 21 |
| 100 | 0 | |a Giudicelli, Christophe |e author |9 600072 | |
| 245 | 1 | 0 | |a Clasificaciones coloniales y dinámicas socioculturales en las fronteras americanas |
| 250 | |a 1a. ed | ||
| 300 | |a 287 p | ||
| 942 | |c BK | ||
| 945 | |d 20181026 16:22:00 |a dcastane | ||
| 260 | |a Ciudad de México |b El Colegio de Michoacán A. C |c 2010 | ||
| 650 | 0 | |a Historia de américa siglo 18 |9 362785 | |
| 650 | 0 | |a América colonial |9 446254 | |
| 650 | 7 | |a INSTITUCIONES COLONIALES |2 CL-VaPUC |9 389426 | |
| 583 | |a last modification |c 20181026 16:22:00 |k Rodrigo Vera | ||
| 999 | |c 372855 |d 372853 | ||
| 952 | |0 0 |1 0 |3 erb |4 0 |6 980_013000000000000_GIU_2010 |7 0 |8 A |9 490717 |a BIBHIS |b BIBHIS |i 5510007 |o 980.013 GIU 2010 |p 5510007 |r 2025-01-20 |w 2019-11-24 |y BK |z Catalogado en:20181026 |k HIS | ||